000 00741nam a2200253Ia 4500
003 OSt
005 20220928101657.0
006 a|||||r|||| 00| 0
007 ta
008 220927b |||||||| |||| 00| 0 hin d
020 _cINR 350.00
024 _a142829
037 _b692, 11/03/2020, Nayee Kitab Prakashan
_cTextual
040 _aSDCL
_cSDCL
_bhin
041 _2hin
_ahin
082 _aO152,6N53x, R0
100 _aShishir Karmendu
_9393533
245 0 _aBaat bolegee
260 _aDelhi
_bAnanaya Prakashan India
_c2020
300 _a11-159p
_ccm.
650 _aHindi
_9391598
942 _hO152,6N53x, R0
_cTEXL
_2CC
999 _c709161
_d709161